Migliore arbitro AIC - Statistics

Statistiche generali
  • Questo quiz è stato fatto 26 volte
    19 dall'ultimo reset
  • Il punteggio medio è 18 su 27
Statistiche sulle risposte
Edizione Sezione Arbitro % Corretto
2020 Schio Daniele Orsato
94%
2021 Schio Daniele Orsato
94%
2022 Schio Daniele Orsato
94%
2023 Schio Daniele Orsato
94%
1997 Viareggio Pierluigi Collina
94%
1998 Viareggio Pierluigi Collina
94%
2000 Viareggio Pierluigi Collina
94%
2002 Viareggio Pierluigi Collina
94%
2003 Viareggio Pierluigi Collina
94%
2004 Viareggio Pierluigi Collina
94%
2005 Viareggio Pierluigi Collina
94%
2011 Bologna Nicola Rizzoli
69%
2012 Bologna Nicola Rizzoli
69%
2013 Bologna Nicola Rizzoli
69%
2014 Bologna Nicola Rizzoli
69%
2015 Bologna Nicola Rizzoli
69%
2016 Bologna Nicola Rizzoli
69%
2017 Bologna Nicola Rizzoli
69%
2018 Firenze Gianluca Rocchi
63%
2019 Firenze Gianluca Rocchi
63%
2010 Ascoli Piceno Emidio Morganti
25%
2006 Torino Roberto Rosetti
25%
2007 Torino Roberto Rosetti
25%
2008 Torino Roberto Rosetti
25%
2009 Torino Roberto Rosetti
25%
1999 Prato Stefano Braschi
13%
2001 Prato Stefano Braschi
13%
Nessun quiz corrispondente trovato
Distribuzione punteggi
Percentuale di utenti per punteggio
Percentile per numero di risposta
I tuoi punteggi nel tempo
Non hai fatto questo quiz dall'ultimo reset